00832nam a2200241 a 450000100060000000300080000600500170001400800410003103500140007204000350008604100080012108200240012910000270015324500600018026000450024030000380028550400510032365000230037470000270039794200120042499900170043695201370045361416BD-RjUL20211209080948.0170119s1984 nyua b 001 0 eng d a(BD-RjUL) aBD-RjULcBD-RjULdBD-RjULbeng aeng00a658.8223bEVE 19841 aEvans, Joel R.918351710aEssentials of marketing /cJoel R. Evans, Barry Berman. aNew York :bMacmillan Pub. Co. ;cc1984. axxi, 538, 56 p. :bill. ;c26 cm. aIncludes bibliographical references and index. 0aMarketing.91825791 aBerman, Barry.9183518 2ddccBK c61416d61416 00102ddc40718NFICaRUCLbRUCLcReadingd1990-08-27eAsia foundationl0o658.8 EVE 1984r2017-01-17 00:00:00tC-1w2021-12-09yBK